| 000 | 00975cam a2200193 4500 | ||
|---|---|---|---|
| 001 | ##L132874 | ||
| 008 | 060316n2006 000 0 eng u | ||
| 035 | _a(Sirsi) u132874 | ||
| 041 | 0 | _aeng | |
| 050 | 0 | 4 | _a333.72 $2 18 |
| 110 | 1 |
_aUnited Kingdom _bDepartment for Environment, Food and Rural Affairs |
|
| 245 |
_aEnvironmental key performances indicators _breporting guidelines for UK business |
||
| 260 |
_aLondon _bDEFRA _c2006 |
||
| 520 | _aPresents guidelines that will make the process of company reporting of environmerntal performance easier by setting out 22 direct Key Performance Indicators together with information on how environmental impacts arising from the supply chain and from the use of products can be taken into account. | ||
| 590 | _aIKA280306 | ||
| 690 | _aMANAGEMENT-BUSINESS MANAGEMENT | ||
| 856 | 4 | 0 |
_uhttps://www.defra.gov.uk/environment/business/envrp/guidelines.htm _zView the guidelines free of charge at www.defra.gov.uk... |
| 942 | _n0 | ||
| 999 |
_c105268 _d105268 |
||